[Event "Goch op 27th"]
[Site "Goch"]
[Date "2016.09.02"]
[Round "3"]
[White "Podzielny, Karl Heinz"]
[Black "Daverkausen, Bernd"]
[Result "1-0"]
[WhiteElo "2389"]
[BlackElo "2128"]
[PlyCount "79"]
[EventDate "2016.09.01"]
[EventType "swiss"]
[EventRounds "7"]
[EventCountry "GER"]
[SourceTitle "EXT 2018"]
[Source "ChessBase"]
[SourceDate "2017.10.13"]
[SourceVersion "1"]
[SourceVersionDate "2017.10.13"]
[SourceQuality "1"]

1. d4 Nf6 2. Nf3 g6 3. c4 Bg7 4. Nc3 0-0 5. e4 d6 6. h3 Na6 7. Be3 e5 8. d5 Nh5 9. Nh2 Qe8 10. Be2 Nf4 11. Bf3 f5 12. h4 Nb4 13. 0-0 a5 14. a3 Na6 15. b4 Bd7 16. Rb1 axb4 17. axb4 Qe7 18. g3 Nh3+ 19. Kg2 h5 20. Bd2 f4 21. Qe2 g5 22. hxg5 Nxg5 23. Bxh5 Bh3+ 24. Kh1 Bxf1 25. Nxf1 Qd7 26. Bg4 Qf7 27. Nh2 Bf6 28. gxf4 exf4 29. Rg1 Kg7 30. Be6 Qg6 31. Bf5 Qh6 32. Bxf4 Rh8 33. f3 Kf7 34. Be6+ Ke7 35. c5 Qh4 36. cxd6+ cxd6 37. Bg3 Qh6 38. Qb5 Nxe6 39. dxe6 Bd4 40. Qd7+ 1-0

[Event "Dortmund Sparkassen op-A 44th"]
[Site "Dortmund"]
[Date "2016.07.15"]
[Round "7"]
[White "Schulze, Marc Andre"]
[Black "Podzielny, Karl Heinz"]
[Result "1/2-1/2"]
[WhiteElo "2099"]
[BlackElo "2400"]
[PlyCount "125"]
[EventDate "2016.07.09"]
[EventType "swiss"]
[EventRounds "9"]
[EventCountry "GER"]
[SourceTitle "CBM 173 Extra"]
[Source "ChessBase"]
[SourceDate "2016.08.29"]
[SourceVersion "1"]
[SourceVersionDate "2016.08.29"]
[SourceQuality "1"]

1. d4 g6 2. Bf4 Bg7 3. Nf3 d6 4. h3 Nd7 5. e3 e5 6. Bh2 Qe7 7. Be2 Nh6 8. 0-0 0-0 9. c4 Nf5 10. Nc3 c6 11. Rc1 h5 12. a3 Re8 13. Bd3 exd4 14. exd4 Nxd4 15. Nxd4 Bxd4 16. Bxg6 Bxc3 17. Bh7+ Kxh7 18. Qxh5+ Kg7 19. Rxc3 Nf8 20. Rd3 Ng6 21. Rxd6 Be6 22. b3 Qf6 23. Rfd1 Rh8 24. Qe2 Rae8 25. a4 Bc8 26. Qd2 Re6 27. b4 Rxd6 28. Bxd6 Be6 29. Bc5 Qh4 30. Re1 Rd8 31. Qc3+ Kg8 32. Bxa7 Qxc4 33. Qf6 Rd7 34. Bc5 b6 35. Be3 Qxb4 36. Rc1 c5 37. a5 bxa5 38. Rxc5 Qb1+ 39. Kh2 Qb8+ 40. g3 Rd5 41. Rxd5 Bxd5 42. Bd4 Kf8 43. Qa6 Ke8 44. Qxa5 Qb3 45. Bf6 Kd7 46. Qd8+ Ke6 47. Bd4 Qb7 48. Qb6+ Qxb6 49. Bxb6 Kf5 50. Bc7 Ke4 51. h4 Kf3 52. Bb6 Ne5 53. Bd4 Ng4+ 54. Kg1 Ke2 55. Ba7 Ne5 56. Kh2 Kf1 57. f4 Ng4+ 58. Kh3 Bf3 59. h5 Nh6 60. Kh4 f6 61. g4 Nxg4 62. Bd4 Kg2 63. h6 1/2-1/2

[Event "Dortmund Sparkassen op-A 44th"]
[Site "Dortmund"]
[Date "2016.07.14"]
[Round "6"]
[White "Podzielny, Karl Heinz"]
[Black "Kruse, Janik"]
[Result "1-0"]
[WhiteElo "2400"]
[BlackElo "2153"]
[PlyCount "49"]
[EventDate "2016.07.09"]
[EventType "swiss"]
[EventRounds "9"]
[EventCountry "GER"]
[SourceTitle "CBM 173 Extra"]
[Source "ChessBase"]
[SourceDate "2016.08.29"]
[SourceVersion "1"]
[SourceVersionDate "2016.08.29"]
[SourceQuality "1"]

1. d4 d5 2. Nf3 c6 3. c4 Nf6 4. Nc3 dxc4 5. e4 b5 6. e5 Nd5 7. a4 b4 8. Ne4 Ba6 9. e6 fxe6 10. Ne5 Nf6 11. Nc5 Qd5 12. Be2 Bc8 13. 0-0 g6 14. Bf3 Qd6 15. Bf4 Nd5 16. Bg3 Qd8 17. h4 Bg7 18. h5 Bxe5 19. Bxe5 Rg8 20. hxg6 hxg6 21. Bg4 Na6 22. Nxe6 Qb6 23. a5 Qb5 24. Qf3 Bd7 25. Qh3 1-0

[Event "Dortmund Sparkassen op-A 44th"]
[Site "Dortmund"]
[Date "2016.07.12"]
[Round "4"]
[White "Podzielny, Karl Heinz"]
[Black "Ries, Benjamin"]
[Result "0-1"]
[WhiteElo "2400"]
[BlackElo "2173"]
[PlyCount "60"]
[EventDate "2016.07.09"]
[EventType "swiss"]
[EventRounds "9"]
[EventCountry "GER"]
[SourceTitle "CBM 173 Extra"]
[Source "ChessBase"]
[SourceDate "2016.08.29"]
[SourceVersion "1"]
[SourceVersionDate "2016.08.29"]
[SourceQuality "1"]

1. Nf3 d5 2. c4 c6 3. b3 Nf6 4. Bb2 Bf5 5. e3 e6 6. Nc3 Nbd7 7. Be2 h6 8. d3 Bc5 9. a3 a5 10. Na4 Bd6 11. Nd4 Bh7 12. cxd5 exd5 13. h4 Qe7 14. g4 Bg6 15. h5 Bh7 16. Rg1 Ne5 17. Nf5 Bxf5 18. gxf5 b5 19. d4 bxa4 20. dxe5 Bxe5 21. Qc2 0-0 22. bxa4 Rab8 23. Bxe5 Qxe5 24. Rc1 Ne4 25. Rf1 Rfc8 26. Bf3 Rb2 27. Qd3 Rd2 28. Qa6 Qb2 29. Qxc8+ Kh7 30. Qxc6 Re2+ 0-1

[Event "Dortmund Sparkassen op-A 44th"]
[Site "Dortmund"]
[Date "2016.07.09"]
[Round "1"]
[White "Huhs, Sven"]
[Black "Podzielny, Karl Heinz"]
[Result "0-1"]
[WhiteElo "2034"]
[BlackElo "2400"]
[PlyCount "38"]
[EventDate "2016.07.09"]
[EventType "swiss"]
[EventRounds "9"]
[EventCountry "GER"]
[SourceTitle "CBM 173 Extra"]
[Source "ChessBase"]
[SourceDate "2016.08.29"]
[SourceVersion "1"]
[SourceVersionDate "2016.08.29"]
[SourceQuality "1"]

1. d4 Nf6 2. c4 g6 3. Nc3 Bg7 4. e4 d6 5. f4 c5 6. d5 0-0 7. Nf3 b5 8. cxb5 a6 9. bxa6 Qa5 10. Bd2 Nbd7 11. Be2 Bxa6 12. 0-0 c4 13. b3 Qc5+ 14. Kh1 Ng4 15. bxc4 Ne3 16. Qc1 Nxf1 17. Qxf1 Nb6 18. Rc1 Bxc4 19. Be1 Bxe2 0-1

[Event "Staufer op-A 28th"]
[Site "Schwaebisch Gmuend"]
[Date "2016.01.05"]
[Round "7"]
[White "Podzielny, Karl Heinz"]
[Black "Meier, Thomas"]
[Result "1/2-1/2"]
[WhiteElo "2414"]
[BlackElo "2246"]
[PlyCount "99"]
[EventDate "2016.01.02"]
[EventType "swiss"]
[EventRounds "9"]
[EventCountry "GER"]
[SourceTitle "CBM 170 Extra"]
[Source "ChessBase"]
[SourceDate "2016.02.25"]
[SourceVersion "1"]
[SourceVersionDate "2016.02.25"]
[SourceQuality "1"]

1. d4 d5 2. Nf3 Nf6 3. c4 e6 4. Nc3 Be7 5. cxd5 exd5 6. Bg5 c6 7. e3 Bf5 8. h3 Nbd7 9. Be2 0-0 10. g4 Be4 11. Rg1 Bxf3 12. Bxf3 Ne4 13. Bf4 Ndf6 14. g5 Nxc3 15. bxc3 Ne8 16. Rb1 Bd6 17. Rxb7 Bxf4 18. exf4 Nd6 19. Rb3 g6 20. Kf1 f6 21. h4 fxg5 22. fxg5 Rf4 23. Qe2 Qf8 24. Qe6+ Rf7 25. Kg2 Re8 26. Qh3 Rf4 27. h5 Qf5 28. Qxf5 Rxf5 29. hxg6 Rxg5+ 30. Kf1 Rxg1+ 31. Kxg1 hxg6 32. Bg4 Re7 33. Kf1 Kf7 34. Be2 Ne4 35. Ra3 Ke6 36. Bd3 Rf7 37. Bxe4 dxe4 38. Ra5 Rf3 39. Rc5 Kd6 40. Ke2 g5 41. a4 g4 42. a5 a6 43. c4 Rd3 44. Rg5 Rxd4 45. c5+ Ke6 46. Ke3 Ra4 47. Rxg4 Rxa5 48. Rg6+ Kd5 49. Rg5+ Ke6 50. Kxe4 1/2-1/2

[Event "Staufer op-A 28th"]
[Site "Schwaebisch Gmuend"]
[Date "2016.01.04"]
[Round "5"]
[White "Podzielny, Karl Heinz"]
[Black "Krockenberger, Martin"]
[Result "1-0"]
[WhiteElo "2414"]
[BlackElo "2184"]
[PlyCount "47"]
[EventDate "2016.01.02"]
[EventType "swiss"]
[EventRounds "9"]
[EventCountry "GER"]
[SourceTitle "CBM 170 Extra"]
[Source "ChessBase"]
[SourceDate "2016.02.25"]
[SourceVersion "1"]
[SourceVersionDate "2016.02.25"]
[SourceQuality "1"]

1. d4 e6 2. Nf3 d5 3. c4 Nf6 4. Nc3 c5 5. cxd5 Nxd5 6. g3 Nc6 7. Bg2 Be7 8. 0-0 0-0 9. e4 Nxc3 10. bxc3 cxd4 11. cxd4 Bf6 12. Be3 Bd7 13. Rb1 Na5 14. e5 Be7 15. Nd2 Qc7 16. Qg4 Rfc8 17. Bh6 Bf8 18. Ne4 Bc6 19. Rfc1 Kh8 20. Bg5 Be7 21. Qh5 Kg8 22. Nf6+ Bxf6 23. Bxf6 gxf6 24. exf6 1-0

[Event "Oberliga NRW 1516"]
[Site "Germany"]
[Date "2015.10.25"]
[Round "2.1"]
[White "Kerigan, Demre"]
[Black "Podzielny, Karl Heinz"]
[Result "0-1"]
[WhiteElo "2386"]
[BlackElo "2315"]
[PlyCount "54"]
[EventDate "2015.09.27"]
[EventType "team-tourn"]
[EventRounds "9"]
[EventCountry "GER"]
[SourceTitle "EXT 2017"]
[Source "ChessBase"]
[SourceDate "2016.10.25"]
[SourceVersion "1"]
[SourceVersionDate "2016.10.25"]
[SourceQuality "1"]
[WhiteTeam "Wattenscheid"]
[BlackTeam "Letmathe"]
[WhiteTeamCountry "GER"]
[BlackTeamCountry "GER"]

1. e4 c5 2. Nf3 e6 3. d4 cxd4 4. Nxd4 a6 5. Nc3 Qc7 6. Bd3 Nf6 7. f4 d6 8. Qf3 g6 9. Be3 Bg7 10. 0-0 Nbd7 11. Nb3 0-0 12. a4 b6 13. Rad1 Bb7 14. Qh3 Rfe8 15. Qh4 Rac8 16. Nd2 Qb8 17. Nf3 h5 18. h3 Rxc3 19. bxc3 Nxe4 20. Bd4 Nxc3 21. Bxg7 Kxg7 22. f5 Nxd1 23. fxg6 f6 24. Ng5 Qc7 25. Qxh5 Qc5+ 26. Kh1 Nf8 27. Rxf6 Nf2+ 0-1

[Event "Munsterland op 33rd"]
[Site "Senden"]
[Date "2015.10.17"]
[Round "9"]
[White "Podzielny, Karl Heinz"]
[Black "Holtel, Jasper"]
[Result "1/2-1/2"]
[WhiteElo "2409"]
[BlackElo "2316"]
[PlyCount "103"]
[EventDate "2015.10.10"]
[EventType "swiss"]
[EventRounds "9"]
[EventCountry "GER"]
[SourceTitle "CBM 168 Extra"]
[Source "ChessBase"]
[SourceDate "2015.10.29"]
[SourceVersion "1"]
[SourceVersionDate "2015.10.29"]
[SourceQuality "1"]

1. c4 Nf6 2. Nc3 d5 3. cxd5 Nxd5 4. Nf3 g6 5. h4 Bg7 6. h5 Nc6 7. h6 Bf6 8. Ne4 Bf5 9. Nxf6+ Nxf6 10. d3 0-0 11. g3 e5 12. Bg5 Qd6 13. Nd2 Nd4 14. Rc1 Nd7 15. Bg2 Bg4 16. f3 Be6 17. Be3 c5 18. Ne4 Qb6 19. Qd2 Bxa2 20. b4 Qxb4 21. Nxc5 Qxd2+ 22. Bxd2 Nxc5 23. Rxc5 Rfe8 24. Ra5 Bb3 25. e3 Nc6 26. Rb5 Bc2 27. Rxb7 Bxd3 28. f4 e4 29. Kf2 Rab8 30. Rxb8 Rxb8 31. Bc3 f5 32. Rc1 Ne7 33. Bd4 Rc8 34. Ra1 Nc6 35. Bc3 Kf7 36. Bh3 Ne7 37. Ra3 a6 38. g4 fxg4 39. Bxg4 Rc7 40. Rb3 Nf5 41. Bxf5 gxf5 42. Kg3 Bb5 43. Kh4 Kg6 44. Bg7 Rc1 45. Rb2 Rh1+ 46. Kg3 Rg1+ 47. Kh2 Re1 48. Rg2+ Kf7 49. Rg5 Ke6 50. Bd4 Re2+ 51. Kg3 Re1 52. Kh2 1/2-1/2

[Event "Munsterland op 33rd"]
[Site "Senden"]
[Date "2015.10.14"]
[Round "7"]
[White "Gebhardt, Ulrich"]
[Black "Podzielny, Karl Heinz"]
[Result "0-1"]
[WhiteElo "2170"]
[BlackElo "2409"]
[PlyCount "47"]
[EventDate "2015.10.10"]
[EventType "swiss"]
[EventRounds "9"]
[EventCountry "GER"]
[SourceTitle "CBM 168 Extra"]
[Source "ChessBase"]
[SourceDate "2015.10.29"]
[SourceVersion "1"]
[SourceVersionDate "2015.10.29"]
[SourceQuality "1"]

1. d4 g6 2. Nf3 Bg7 3. c4 Nf6 4. Nc3 0-0 5. e4 d6 6. Be2 a5 7. 0-0 Na6 8. h3 e5 9. dxe5 dxe5 10. Be3 Nh5 11. Nd5 Nf4 12. Qd2 Ne6 13. Qxa5 b6 14. Qd2 Nac5 15. Qc2 Nd4 16. Nxd4 exd4 17. Bf4 c6 18. Nb4 Re8 19. f3 f5 20. Nd3 fxe4 21. Nxc5 d3 22. Nxd3 exd3 23. Qxd3 Qd4+ 24. Qxd4 0-1

[Event "Munsterland op 33rd"]
[Site "Senden"]
[Date "2015.10.13"]
[Round "5"]
[White "Virnyi, Julius"]
[Black "Podzielny, Karl Heinz"]
[Result "0-1"]
[WhiteElo "2100"]
[BlackElo "2409"]
[PlyCount "43"]
[EventDate "2015.10.10"]
[EventType "swiss"]
[EventRounds "9"]
[EventCountry "GER"]
[SourceTitle "CBM 168 Extra"]
[Source "ChessBase"]
[SourceDate "2015.10.29"]
[SourceVersion "1"]
[SourceVersionDate "2015.10.29"]
[SourceQuality "1"]

1. d4 Nf6 2. Nf3 g6 3. c4 Bg7 4. Nc3 0-0 5. Bg5 c5 6. d5 d6 7. e3 b5 8. cxb5 a6 9. Nd2 Nbd7 10. a4 Qa5 11. Ra3 Nb6 12. e4 e6 13. Qf3 Nfd7 14. dxe6 fxe6 15. Qh3 Re8 16. Be2 d5 17. 0-0 Ne5 18. Be3 c4 19. f4 Nf7 20. e5 Nd7 21. Bd4 Bf8 22. Qe3 0-1